Capitales et chefs-lieux des pays et territoires des Caraïbes - Statistiques

Statistiques générales
  • Ce quiz a été pris 612 fois
  • Le résultat moyen est 18 sur 30
Statistiques - réponses
Hint Réponse % Correct
Jamaïque Kingston
95%
Saint-Vincent-et-les-Grenadines Kingstown
95%
Haïti Port-au-Prince
94%
Cuba La Havane
92%
République dominicaine Saint-Domingue
89%
Guadeloupe Basse-Terre
85%
Saint-Christophe-et-Nièves Basseterre
85%
Bahamas Nassau
85%
Dominique Roseau
82%
Trinité-et-Tobago Port d’Espagne
81%
Barbade Bridgetown
80%
Martinique Fort-de-France
77%
Sainte-Lucie Castries
75%
Antigua-et-Barbuda Saint John’s
74%
Grenade Saint-Georges
69%
Porto Rico San Juan
54%
Îles Caïmans George Town
49%
Aruba Oranjestad
40%
Saint-Eustache Oranjestad
40%
Curaçao Willemstad
40%
Anguilla The Valley
34%
Îles Vierges américaines Charlotte-Amélie
33%
Îles Vierges britanniques Road Town
32%
Montserrat Plymouth
31%
Îles Turques et Caïques Cockburn Town
29%
Saint-Martin (France) Marigot
25%
Saint-Barthélémy Gustavia
24%
Saint-Martin (Pays-Bas) Philipsburg
22%
Bonaire Kralendijk
21%
Saba The Bottom
20%
Aucun quiz correspondant
Distribution des résultats
% des personnes avec chaque résultat
Percentile par nombre de réponses
Votre historique - résultats
Vous n’avez pas pris ce quiz